000 00431pab a2200169 454500
008 180718b2008 xxu||||| |||| 00| 0 eng d
100 _aSingh, N.B.
245 _aTowards sustainable foodgrain production for national food security
260 _c2008
300 _ap.267-80.
362 _aAug
650 _aFood supply
700 _aMishra, J.P.
773 _aAgricultural Situation in India
908 _aN
909 _a82582
999 _c82582
_d82582